000 00739nam a2200289Ia 4500
005 20260324112903.0
008 008 260324s9999 xx 000 0 eng d
020 _a9781003364634
037 _aEBOOK
040 _aCRL
040 _beng
040 _cCRL
041 _2eng
041 _aeng
084 _qCRL
100 _aColby Tofel-Grehl; Emmanuel Schanzer
_91144546
245 0 _aImproving Equity in Data Science
245 0 _bRe-Imagining the Teaching and Learning of Data in K-16 Classrooms
260 _bTaylor and Francis
260 _c2024
365 _a
365 _b220
856 _uhttp://www.taylorfrancis.com/books/9781003364634
942 _cEBOOK
999 _c1733928
_d1733928